Finn Wolfhard - Roles by Picture - Statistics

General Stats
  • This quiz has been taken 104 times
  • The average score is 6 of 16
Answer Stats
Picture Answer % Correct
Mike Wheeler
94%
Richie Tozier
80%
Young Boris
68%
Pugsley Addams
63%
Trevor Spengler
54%
Miles Fairchild
49%
Ziggy Katz
49%
Tyler
37%
Player
24%
Zoran
21%
Boypunzel / Manpunzel
18%
Young Charles
17%
Guy in the Walls
14%
Jordie Pinsky
13%
Inigo Montoya
3%
Norman
1%
No matching quizzes found
Score Distribution
Percent of People with Each Score
Percentile by Number Answered
Your Score History
You have not taken this quiz